000 00467nam a22001697a 4500
999 _c40588
_d40588
003 OSt
005 20210204102439.0
008 191011b ||||| |||| 00| 0 eng d
020 _a9788182675476
040 _coclc
082 _a894.8124
_bUNN/P
100 _aUnni, R
_98016
245 _aPusthakappuzhu /
_cUnni R
260 _aKozhikode:
_bMathrubhumi Books,
_c2018.
300 _a272p
942 _2ddc
_cBK
_h894.8124
_iUNN/P
_k894.8124
_mUNN/P